Países onde Portugal “tocou” - Statistics

Estatísticas Gerais
  • Esse quiz foi jogado 128 vezes
    94 desde o último reset
  • A pontuação média é 10 de 17
Estatísticas das Respostas
País onde Portugal “tocou” % Correto
Angola
98%
Brasil
97%
Moçambique
93%
Índia
85%
Cabo Verde
80%
China
80%
Guiné-Bissau
80%
Timor-Leste
76%
São Tomé e Príncipe
63%
Guiné Equatorial
58%
Uruguai
57%
Indonésia
48%
Portugal
31%
Bolívia
29%
França
29%
Sri Lanka
17%
Malawi
7%
Nenhum quiz correspondente encontrado
Distribuição das Pontuações
Porcentagem de Pessoas com Cada Pontuação
Percentil de Números Respondidos
Sua Pontuação Histórica
Você não jogou esse quiz desde o último reset